000 00868nam a22002537a 4500
001 99181
003 UA-OsUOA
005 20251222144251.0
007 ta
008 20130424b un ||||| |||| 00| 0 ukr d
040 _aUA-OsUOA
_brus
_cUA-OsUOA
_dUA-OsUOA
041 _arus
080 _a821.161.1
090 _a821.161.1
_bС54
100 _aСоболев Л.
_923004
245 _aИзбранные произведения в трех томах
_cЛ. Соболев
260 _aМ.
_bХудожественная литература
_c1962
300 _a454 с.
505 _gТ. 1
_tКапитальный ремонт
650 7 _a821 Художня література окремими мовами і мовними сім'ями
_2UDC
_917
942 _cBK
_2udc
955 _a3
999 _c385284
_d385284